Conservation Tillage Systems & Managernt Crop Residues CD Rom (Record no. 2653)

MARC details
000 -LEADER
fixed length control field 00295nam a22001217a 4500
041 ## - LANGUAGE CODE
Language code of text/sound track or separate title ENG
100 ## - MAIN ENTRY--PERSONAL NAME
Personal name Johe .Deere
245 ## - TITLE STATEMENT
Title Conservation Tillage Systems & Managernt Crop Residues CD Rom
260 ## - PUBLICATION, DISTRIBUTION, ETC. (IMPRINT)
Place of publication, distribution, etc lowa
Name of publisher, distributor, etc Midwest plan Service
Date of publication, distribution, etc 2009
300 ## - PHYSICAL DESCRIPTION
Extent I CD
650 ## - SUBJECT ADDED ENTRY--TOPICAL TERM
Topical term or geographic name as entry element IDE
856 ## - ELECTRONIC LOCATION AND ACCESS
Uniform Resource Identifier CD
Holdings
Withdrawn status Lost status Source of classification or shelving scheme Damaged status Not for loan Home library Current library Shelving location Date acquired Cost, normal purchase price Total Checkouts Barcode Date last seen Price effective from Koha item type
    Dewey Decimal Classification     College of Agricultural Engineering and Technology, Dapoli , Library College of Agricultural Engineering and Technology, Dapoli , Library Book Cart 03/11/2021 2430.00   005225 03/11/2021 03/11/2021 Books

Contact Us: College of Agricultural Engineering and Technology, Dapoli, Dist.- Ratnagiri
Website: https://dbskkv.org Email: caetlibrary2015@gmail.com